Fr. Conceicao Rodrigues College of Engineering

Illustrated D Base III Book (Record no. 24975)

MARC details
000 -LEADER
fixed length control field 00274nam a2200121Ia 4500
100 ## - MAIN ENTRY--PERSONAL NAME
Personal name Stultz/Russell A
245 ## - TITLE STATEMENT
Title Illustrated D Base III Book
260 ## - PUBLICATION, DISTRIBUTION, ETC.
Name of publisher, distributor, etc. Galgotia Pub.
Place of publication, distribution, etc. NewDelhi
Date of publication, distribution, etc. 1987
300 ## - PHYSICAL DESCRIPTION
Extent 320
546 ## - LANGUAGE NOTE
Language note ENGLISH
654 ## - SUBJECT ADDED ENTRY--FACETED TOPICAL TERMS
Focus term D Base III Book
942 ## - ADDED ENTRY ELEMENTS (KOHA)
Koha item type BOOK
Holdings
Withdrawn status Lost status Damaged status Not for loan Collection Home library Current library Shelving location Date acquired Total Checkouts Full call number Barcode Date last seen Price effective from Koha item type
        AFT Fr. Agnel's C.Rodrigues College of Engineering Fr. Agnel's C.Rodrigues College of Engineering   17/03/2023   AFT5550 17/03/2023 17/03/2023 BOOK